Statistics for A Complete List of the Most Famous Muppets

Click here to take the quiz!

General Stats

  • This quiz has been taken 630 times
    (560 since last reset)
  • The average score is 16 of 28

Answer Stats

HintMuppet% Correct
The green frogKermit
100%
The pig that is in love with the aboveMiss Piggy
97%
The crazy red Muppet that is the drum player for the Electric MayhemAnimal
94%
A blue bird/alien from outer space that used to be a plumber but is now a daredevilGonzo
94%
The orange bear that has terrible jokesFozzie
92%
The assistant of the above that only speaks in "Mee"sBeaker
80%
A chef that is famous for his smorgasborgsSwedish Chef
76%
The other heckler that makes fun of Fozzie and the rest of the MuppetsWaldorf
70%
A very politic blue eagleSam
69%
A heckler that makes fun of Fozzie and the rest of the MuppetsStatler
64%
A rat that is Gonzo's best friendRizzo
60%
A piano playing dogRowlf
58%
The scientist that looks blindDr. Bunsen
57%
The keyboard playing Muppet with a gold tooth that plays for the Electric MayhemDr. Teeth
57%
The only female Muppet that is a member of the Electric MayhemJanice
55%
The manager of the Muppegs and the Electric MayhemScooter
48%
A perverted shrimpPepe
46%
A giant MuppetSweetums
46%
The Muppet with blue hair that plays the saxophone for the Electric MayhemZoot
46%
The Muppet with an orange mustache that plays the electric guitar for the Electric MayhemFloyd
45%
Kermit's nephewRobin
45%
A chicken who's dating GonzoCamilla
41%
The newest member of the MuppetsWalter
41%
A Kermit look-alike with a mole on his upper lip and the worlds most dangerous villainConstantine
27%
A Muppet with orange hair and a green suit whos name is the name of the song he singsMahna Mahna
25%
The blonde, cleft-chinned pigLink Hogthrob
19%
A violet colored Muppet with multiple dreadlocks and big lipsClifford
17%
The pink people who dance in the song aboveSnowth
15%

Score Distribution

Percentile by Number Answered

Percent of People with Each Score

Your Score History

You have not taken this quiz since the last reset